[Event "Pinneberg-ch"]
[Site "Pinneberg"]
[Date "2007.10.04"]
[Round "6"]
[White "Retzlaff, Wolfgang"]
[Black "Stoephasius, Christian"]
[Result "1-0"]
[WhiteElo "1657"]
[BlackElo "1414"]
[PlyCount "51"]
[EventDate "2007.08.30"]
[EventType "swiss"]
[EventRounds "7"]
[EventCountry "GER"]
[SourceTitle "CBM 120 Extra"]
[Source "ChessBase"]
[SourceDate "2007.11.01"]
[SourceVersion "1"]
[SourceVersionDate "2007.11.01"]
[SourceQuality "1"]

1. d4 Nf6 2. c4 d6 3. Nc3 g6 4. Bf4 Bg7 5. Nf3 0-0 6. Qd2 Re8 7. Bh6 Bh8 8. h3 c5 9. e3 cxd4 10. Nxd4 Nc6 11. g4 Qc7 12. g5 Nd7 13. Nd5 Qd8 14. Nb5 Nde5 15. Be2 Be6 16. Ndc7 Rc8 17. Nxe8 Qxe8 18. Rc1 a6 19. Nd4 Nxd4 20. exd4 Nxc4 21. Qb4 a5 22. Qxb7 Bxd4 23. Qe4 Bxb2 24. Rxc4 Bxc4 25. Bxc4 Qa4 26. Bxf7+ 1-0

[Event "Pinneberg-ch"]
[Site "Pinneberg"]
[Date "2007.09.06"]
[Round "2"]
[White "Hotze, Kurt"]
[Black "Stoephasius, Christian"]
[Result "1/2-1/2"]
[WhiteElo "1598"]
[BlackElo "1414"]
[PlyCount "47"]
[EventDate "2007.08.30"]
[EventType "swiss"]
[EventRounds "7"]
[EventCountry "GER"]
[SourceTitle "CBM 120 Extra"]
[Source "ChessBase"]
[SourceDate "2007.11.01"]
[SourceVersion "1"]
[SourceVersionDate "2007.11.01"]
[SourceQuality "1"]

1. e4 d6 2. d4 Nf6 3. Nc3 g6 4. Be3 Bg7 5. h3 0-0 6. g4 c6 7. Qd2 Re8 8. f4 b5 9. 0-0-0 a5 10. Bd3 b4 11. Na4 Ba6 12. f5 Bxd3 13. Qxd3 e6 14. fxg6 fxg6 15. Ne2 Na6 16. Ng3 Qc7 17. g5 Nd7 18. Ne2 c5 19. dxc5 Naxc5 20. Nxc5 Nxc5 21. Bxc5 Qxc5 22. Kb1 Rac8 23. Rc1 Qe5 24. c3 1/2-1/2

[Event "Pinneberg-ch"]
[Site "Pinneberg"]
[Date "2006.09.28"]
[Round "7.36"]
[White "Luettig, Hendrik"]
[Black "Stoephasius, Christian"]
[Result "1/2-1/2"]
[WhiteElo "1585"]
[BlackElo "1263"]
[PlyCount "34"]
[EventDate "2006.08.22"]
[EventType "swiss"]
[EventRounds "7"]
[EventCountry "GER"]
[SourceTitle "EXT 2007"]
[Source "ChessBase"]
[SourceDate "2006.11.23"]
[SourceVersion "1"]
[SourceVersionDate "2006.11.23"]
[SourceQuality "1"]

1. b4 e5 2. Bb2 Bxb4 3. Bxe5 Nf6 4. Nf3 d5 5. e3 0-0 6. Be2 Nc6 7. Bb2 Be6 8. 0-0 a6 9. Ba3 Bxa3 10. Nxa3 b5 11. c3 Na5 12. Nd4 Qd6 13. Nxe6 fxe6 14. Nc2 c5 15. d3 Rf7 16. h3 Raf8 17. Qe1 c4 1/2-1/2

[Event "Pinneberg-ch"]
[Site "Pinneberg"]
[Date "2005.09.22"]
[Round "7"]
[White "Stoephasius, Christian"]
[Black "Remstedt, Matthias"]
[Result "1-0"]
[WhiteElo "1099"]
[BlackElo "1470"]
[PlyCount "63"]
[EventDate "2005.08.11"]
[EventType "swiss"]
[EventRounds "7"]
[EventCountry "GER"]
[SourceTitle "EXT 2006"]
[Source "ChessBase"]
[SourceDate "2005.11.24"]
[SourceVersion "1"]
[SourceVersionDate "2005.11.24"]
[SourceQuality "1"]

1. e4 e5 2. Nf3 Nc6 3. Bc4 Bc5 4. c3 h6 5. d4 exd4 6. cxd4 Bb4+ 7. Bd2 Bxd2+ 8. Qxd2 d6 9. h3 b6 10. 0-0 Nf6 11. Re1 0-0 12. Nc3 Bb7 13. a3 Re8 14. b4 Qd7 15. Re2 Re7 16. Rae1 Rae8 17. d5 Ne5 18. Nxe5 Rxe5 19. f4 R5e7 20. g4 a6 21. e5 dxe5 22. fxe5 Nxg4 23. hxg4 Qxg4+ 24. Rg2 Qxc4 25. Qxh6 Qd4+ 26. Kh1 g6 27. Rh2 Bxd5+ 28. Nxd5 Qxd5+ 29. Kg1 Qd4+ 30. Kh1 f5 31. Qxg6+ Rg7 32. Qxe8# 1-0

[Event "Pinneberg-ch"]
[Site "Pinneberg"]
[Date "2004.09.09"]
[Round "5"]
[White "Aleanakian, Gabriel"]
[Black "Stoephasius, Christian"]
[Result "1-0"]
[WhiteElo "1618"]
[BlackElo "1000"]
[PlyCount "103"]
[EventDate "2004.08.12"]
[EventType "swiss"]
[EventRounds "7"]
[EventCountry "GER"]
[SourceTitle "EXT 2005"]
[Source "ChessBase"]
[SourceDate "2004.11.15"]
[SourceVersion "1"]
[SourceVersionDate "2004.11.15"]
[SourceQuality "1"]

1. Nf3 d5 2. c4 Nf6 3. cxd5 Nxd5 4. e4 Nb6 5. d4 e6 6. Bd3 Nc6 7. 0-0 g6 8. Bg5 f6 9. Be3 Bg7 10. Nc3 f5 11. exf5 exf5 12. Re1 0-0 13. d5 Nxd5 14. Bc4 Be6 15. Bg5 Nxc3 16. Bxe6+ Kh8 17. Qb3 Nd4 18. Nxd4 Qxd4 19. bxc3 Qxc3 20. Rac1 Qxb3 21. axb3 c6 22. Rcd1 h6 23. Be7 Rfe8 24. Bf7 Bc3 25. Bf6+ Bxf6 26. Rxe8+ Rxe8 27. Bxe8 a5 28. Rd7 b5 29. Rd6 a4 30. bxa4 bxa4 31. Rxf6 c5 32. Bxa4 c4 33. Rxg6 Kh7 34. Rc6 c3 35. Bc2 Kg7 36. Bxf5 h5 37. Rxc3 Kf6 38. g4 Kg5 39. h3 h4 40. Rc4 Kh6 41. f4 Kg7 42. Bc8 Kf6 43. g5+ Kg6 44. Rc6+ Kf7 45. g6+ Kg7 46. f5 Kh6 47. Rc4 Kg7 48. Rg4 Kg8 49. f6 Kh8 50. Rxh4+ Kg8 51. Be6+ Kf8 52. Rh8# 1-0